Alfonso XII y los origenes de la Restauración / (Record no. 189870)

MARC details
000 -LEADER
campo de control de longitud fija 00821nam a2200205 i 4500
001 - NÚMERO DE CONTROL
campo de control 189870
003 - IDENTIFICADOR DE NÚMERO DE CONTROL
campo de control ES-MaACL
005 - FECHA Y HORA DE LA ÚLTIMA TRANSACCIÓN
campo de control 20240514175311.0
008 - DATOS DE LONGITUD FIJA--INFORMACIÓN GENERAL
campo de control de longitud fija 191213s1975 sp |||| | spa d
100 1# - ENTRADA PRINCIPAL--NOMBRE DE PERSONA
Nombre de persona Espadas Burgos, Manuel.
9 (RLIN) 47744
245 10 - MENCIÓN DEL TÍTULO
Título Alfonso XII y los origenes de la Restauración /
Mención de responsabilidad, etc. Manuel Espadas Burgos ; prólogo de Vicente Palacio Atard.
260 ## - PUBLICACIÓN, DISTRIBUCIÓN, ETC.
Lugar de publicación, distribución, etc. Madrid :
Nombre del editor, distribuidor, etc. C.S. I.C. Escuela de Historia Moderna,
Fecha de publicación, distribución, etc. 1975.
300 ## - DESCRIPCIÓN FÍSICA
Extensión XXXIII p., 1 h., 427 p., 1 h. : lám. ;
Dimensiones 25 cm.
490 1# - MENCIÓN DE SERIE
Mención de serie Historia de España en el Mundo Moderno ;
Designación de volumen o secuencia 5
651 #4 - PUNTO DE ACCESO ADICIONAL DE MATERIA--NOMBRE GEOGRÁFICO
Nombre geográfico España-
Subdivisión general Historia-
Subdivisión cronológica 1874-1885, Alfonso XII.
9 (RLIN) 8265
700 1# - ENTRADA AGREGADA--NOMBRE PERSONAL
Nombre de persona Palacio Atard, Vicente,
Fechas asociadas al nombre 1920-2013
9 (RLIN) 88374
830 0# - PUNTO DE ACCESO ADICIONAL DE SERIE-TÍTULO UNIFORME
Título uniforme Historia de España en el mundo moderno
Designación de volumen o secuencia 5
9 (RLIN) 193453
852 ## - LOCALIZACIÓN
Ubicación ES-MaACL
Número de control de estantería P-1192-4
Holdings
Estatus retirado Estado de pérdida Estado de daño No para préstamo Biblioteca de origen Biblioteca actual Ubicación en estantería Fecha de adquisición Fuente de adquisición Total de préstamos Signatura topográfica completa Código de barras Visto por última vez Precio de reemplazo Tipo de ítem Koha
        Biblioteca del Ateneo de Madrid Biblioteca del Ateneo de Madrid Depósito 2 13/12/2019     P-1192-4 1201400 23/02/2023 23/02/2023 Libro impreso